Assassinations - Statistics

General Stats
  • This quiz has been taken 184 times
    161 since last reset
  • The average score is 23 of 44
Answer Stats
Hint Answer % Correct
22 Nov 1963: Dealey Plaza, Dallas, Texas: US President John F Kennedy
97%
24 Nov 1963: Dallas Police HQ, Dallas, Texas, USA: Alleged assassin of the above Lee Harvey Oswald
93%
11 Apr 1865: Ford's Theatre, Washington DC, USA: US President Abraham Lincoln
88%
28 Jun 1914: Franz Joseph Strasse, Sarajevo, Austria-Hungary: Crown Prince of Austria-Hungary Franz Ferdinand
86%
8 Dec 1980: The Dakota, New York City, New York, USA: Beatles singer/guitarist John Lennon
86%
5/6 Jun 1968: Ambassador's Hotel, Los Angeles, California, USA: US Presidential Candidate Robert F Kennedy
83%
15 Mar 44 BC: Theatre of Pompey, Rome: Roman Dictator Julius Caesar
81%
2 Jul/19Sep 1881: Sixth Street Station, Washington DC, USA: US President James A Garfield
79%
4 Apr 1968: Lorraine Motel, Memphis, Tennessee, USA: American civil rights leader Martin Luther King, Jr
78%
30 Jan 1948: Birla House, New Delhi, India: Indian independence leader Mohandas Gandhi
78%
2 Apr 2011: Bilal Town, Abbottabad, Pakistan: Saudi terrorist leader Osama bin Laden
72%
31 Oct 1984: Safdarjung Road, New Delhi, India: Prime Minister of India Indira Gandhi
71%
4 Mar 1901: Pan-American Exposition, Buffalo, New York, USA: US President William McKinley
71%
6 Oct 1981: Cairo, Egypt: President of Egypt Anwar Sadat
69%
27 Nov 1978: San Francisco City Hall, California, USA: San Francisco politician and LGBT icon Harvey Milk
69%
20 Aug 1940: Coyoacán, Mexico City, Mexico: Exiled Soviet revolutionary leader Leon Trotsky
69%
17 Jul 1918: Ipatiev House, Yekaterinburg, Russia: Former Russian Emperor Nicholas II
69%
21 Feb 1965: Audubon Ballroom, New York City, New York, USA: American Muslim leader and human rights activist Malcolm X
67%
28 Apr 1945: Giulino, Como, Lombardy, Italy: Former Prime Minister of Italy Benito Mussolini
64%
27 Dec 2007: Liaquat National Park, Rawalpindi, Pakistan: Former Prime Minister of Pakistan Benazir Bhutto
60%
4 Nov 1995: Kings of Israel Square, Tel Aviv, Israel: Prime Minister of Israel Yitzhak Rabin
60%
29 Dec 1170: Canterbury Cathedral, Kent, England: Archbishop of Canterbury Thomas à Becket
53%
22 Jan 41: Palatine Hill, Rome: Roman Emperor Caligula
48%
26 Apr 1478: Florence Cathedral, Republic of Florence: Co-ruler of Florence Giuliano de' Medici
48%
28 Feb 1986: Sveavägen Street, Stockholm, Sweden: Prime Minister of Sweden Olof Palme
45%
8/10 Sep 1935: Louisiana State Capitol, Louisiana: Former governor of Louisiana and US presidential candidate Huey Long
41%
7 Dec 43BC: Formiae, Italia, Roman Empire: Roman lawyer, politician and orator Marcus Tullius Cicero
41%
27 Aug 1979 Mullaghmore, County Sligo, Ireland: British statesman and final Viceroy of the Indian Empire Earl Mountbatten of Burma
40%
26 Ocr 1979: Blue House, Gungjeong-dong, Seoul, South Korea: President of South Korea Park Chung-Hee
40%
23 Nov 2006: Piccadilly, London, UK: Fugutive Russian former intelligence officer Alexander Litvinenko
36%
2 Nov 2004: Linnaeusstraat, Amsterdam, Netherlands: Film-maker Theo van Gogh
34%
29 Jul 1900: Monza, Italy: King of Italy Umberto I
34%
27 May/4 Jun 1942: Libeň, Prague, Czechoslovakia: Nazi Deputy Protector of Bohemia and Moravia Reinhard Heydrich
33%
20 July 1951: Al Aqsa Mosque, Jerusalem Old City, Jordan: King of Jordan Abdullah I
29%
14 May 1610: Rue de la Ferronnerie, Paris, France: King of France Henry IV
29%
11 May 1812: House of Commons Lobby, London, UK: Prime Minister of the United Kingdom Spencer Perceval
29%
31 Dec 192: Lanuvium, Roman Empire: Roman Emperor Commodus
24%
24/25 Jun 1894: Lyon, France: President of France Marie François Sadi Carnot
24%
9 Sep 1990: Monrovia, Liberia: President of Liberia Samuel K Doe
24%
6 Apr 1994: Kigali Intl Airport, Kigali, Rwanda: President of Rwanda Juvénal Habyarimana
22%
1 Feb 1908: Terreiro do Paço Lisbon, Portugal: King of Portugal Carlos I
19%
6 May 2002: Hilversum, Netherlands: Dutch centre-right politician Pim Fortuyn
19%
6 Apr 1994: Kigali Intl Airport, Kigali, Rwanda: President of Burundi Cyprien Ntaryamira
10%
19 Mar 1973: Government House, Bermuda: Governor of Bermuda Sir Richard Sharples
10%
No matching quizzes found
Score Distribution
Percent of People with Each Score
Percentile by Number Answered
Your Score History
You have not taken this quiz since the last reset